<?xml version="1.0" encoding="UTF-8"?><?xml-stylesheet type="text/xsl" href="static/style.xsl"?><OAI-PMH xmlns="http://www.openarchives.org/OAI/2.0/" xmlns:xsi="http://www.w3.org/2001/XMLSchema-instance" xsi:schemaLocation="http://www.openarchives.org/OAI/2.0/ http://www.openarchives.org/OAI/2.0/OAI-PMH.xsd"><responseDate>2026-07-01T14:16:11Z</responseDate><request verb="GetRecord" identifier="oai:riubu.ubu.es:10259/4861" metadataPrefix="marc">https://riubu.ubu.es/oai/request</request><GetRecord><record><header><identifier>oai:riubu.ubu.es:10259/4861</identifier><datestamp>2021-11-10T09:38:20Z</datestamp><setSpec>com_10259_4313</setSpec><setSpec>com_10259_5086</setSpec><setSpec>com_10259_2604</setSpec><setSpec>com_10259_4244</setSpec><setSpec>col_10259_4314</setSpec><setSpec>col_10259_4245</setSpec></header><metadata><record xmlns="http://www.loc.gov/MARC21/slim" xmlns:doc="http://www.lyncode.com/xoai" xmlns:xsi="http://www.w3.org/2001/XMLSchema-instance" xmlns:dcterms="http://purl.org/dc/terms/" xsi:schemaLocation="http://www.loc.gov/MARC21/slim http://www.loc.gov/standards/marcxml/schema/MARC21slim.xsd">
<leader>00925njm 22002777a 4500</leader>
<datafield tag="042" ind1=" " ind2=" ">
<subfield code="a">dc</subfield>
</datafield>
<datafield tag="720" ind1=" " ind2=" ">
<subfield code="a">Reglero Ruiz, José A.</subfield>
<subfield code="e">author</subfield>
</datafield>
<datafield tag="720" ind1=" " ind2=" ">
<subfield code="a">Vallejos Calzada, Saúl</subfield>
<subfield code="e">author</subfield>
</datafield>
<datafield tag="720" ind1=" " ind2=" ">
<subfield code="a">Pascual Portal, Blanca Sol</subfield>
<subfield code="e">author</subfield>
</datafield>
<datafield tag="720" ind1=" " ind2=" ">
<subfield code="a">Ramos Rodríguez, Cipriano</subfield>
<subfield code="e">author</subfield>
</datafield>
<datafield tag="720" ind1=" " ind2=" ">
<subfield code="a">Beltrán Calvo, Sagrario</subfield>
<subfield code="e">author</subfield>
</datafield>
<datafield tag="720" ind1=" " ind2=" ">
<subfield code="a">García García, Félix Clemente</subfield>
<subfield code="e">author</subfield>
</datafield>
<datafield tag="720" ind1=" " ind2=" ">
<subfield code="a">García Pérez, José Miguel</subfield>
<subfield code="e">author</subfield>
</datafield>
<datafield tag="260" ind1=" " ind2=" ">
<subfield code="c">2018-10</subfield>
</datafield>
<datafield tag="520" ind1=" " ind2=" ">
<subfield code="a">A series of cross-linked copolymer films based on 1-vinyl-2-pyrrolidone and methyl methacrylate were produced using different poly(ethylene glycol) dimethacrylates as cross-linking agents. The average molecular mass of the cross-linking agent was varied, then allowing the foaming process using supercritical CO2 (ScCO2), obtaining microcellular films with different cellular structures as a function of the molecular mass of the cross-linking agent. The chemical structure, swelling behavior, CO2 uptake and cellular morphology of the materials were studied. Finally, the influence of the different cross-linking agents in the mechanical properties was also evaluated by measuring the tensile properties of the microcellular films.</subfield>
</datafield>
<datafield tag="024" ind2=" " ind1="8">
<subfield code="a">0896-8446</subfield>
</datafield>
<datafield tag="024" ind2=" " ind1="8">
<subfield code="a">http://hdl.handle.net/10259/4861</subfield>
</datafield>
<datafield tag="024" ind2=" " ind1="8">
<subfield code="a">10.1016/j.supflu.2018.07.011</subfield>
</datafield>
<datafield ind1=" " ind2=" " tag="653">
<subfield code="a">Microcellular polymer foam</subfield>
</datafield>
<datafield ind1=" " ind2=" " tag="653">
<subfield code="a">Films</subfield>
</datafield>
<datafield ind1=" " ind2=" " tag="653">
<subfield code="a">Cross-linking</subfield>
</datafield>
<datafield ind1=" " ind2=" " tag="653">
<subfield code="a">Tensile properties</subfield>
</datafield>
<datafield ind1=" " ind2=" " tag="653">
<subfield code="a">ScCO2 foaming</subfield>
</datafield>
<datafield tag="245" ind1="0" ind2="0">
<subfield code="a">Microcellular polymer films based on cross-linked 1-vinyl-2-pyrrolidone and methyl methacrylate</subfield>
</datafield>
</record></metadata></record></GetRecord></OAI-PMH>